00634 2200205 4500001002100000005001700021008004100038035002400079040001200103082001500115090002000130100001900150245010500169260004100274300002600315500003100341650002600372850001200398990001800410INLIS00000000002324620161018080831.0  0010-101600000000198 aYOPDYOG 223a365.66 aSK 365.66 Sit H aSITI JABAL NUR aHubungan antara tawakal dan dukungan sosial dengan aspirasi masa depan narapidananc/ Siti Jabal Nur aYogyakartabUIN Sunan Kalijagac2004 avi, 76 hlm.c; 30 cm. aSkripsi UIN Sunan Kalijaga aPendidikan narapidana aYOPDYOG a44872-PD/A.12